[Event "IHEM"]
[Site "Hamburg GER"]
[Date "2003.06.14"]
[Round "8"]
[White "Hochgraefe,M"]
[Black "Engelbert,C"]
[Result "1-0"]
[WhiteElo "2331"]
[BlackElo "2235"]
[EventDate "2003.06.07"]

1. d4 g6 2. c4 Bg7 3. e4 d6 4. Nc3 e5 5. Nf3 exd4 6. Nxd4 Nc6 7. Be3 Nge7
8. Be2 O-O 9. O-O f5 10. Nxc6 bxc6 11. Bd4 Bxd4 12. Qxd4 c5 13. Qd2 Bb7 14.
Bf3 Rb8 15. Rfe1 fxe4 16. Bxe4 Bxe4 17. Rxe4 Qd7 18. Rae1 Nf5 19. Nd5 Rf7
20. h4 c6 21. Nc3 Rbf8 22. Qg5 Qd8 23. Qxd8 Rxd8 24. Re8+ Rxe8 25. Rxe8+
Rf8 26. Rxf8+ Kxf8 27. g3 Ke7 28. Kf1 Ke6 29. Ke2 d5 30. Kd3 Nd6 31. b3 Nf5
32. Ne2 Ke5 33. Ng1 Nd6 34. Nf3+ Kf5 35. Nd2 Nf7 36. a3 a5 37. f3 Ke5 38.
Nf1 Nd6 39. Ne3 d4 40. Ng4+ Ke6 41. Nf2 Kf5 42. Kd2 g5 43. hxg5 Kxg5 44.
Ke2 h5 45. Nd3 Nb7 46. Kf2 Kf5 47. Kg2 a4 48. bxa4 Na5 49. Nb2 Ke5 50. Kf2
d3 51. Ke3 d2 52. Nd3+ Kf5 53. Kxd2 Nxc4+ 54. Kc3 Nd6 55. Nxc5 1-0

[Event "IHEM"]
[Site "Hamburg GER"]
[Date "2003.06.14"]
[Round "8"]
[White "Gollasch,T"]
[Black "Meier,DG"]
[Result "1/2-1/2"]
[WhiteElo "2117"]
[BlackElo "2183"]
[EventDate "2003.06.07"]

1. d4 d5 2. c4 dxc4 3. Nc3 a6 4. e3 Nf6 5. Bxc4 e6 6. Nf3 Nbd7 7. O-O b5 8.
Be2 Bb7 9. b3 c5 10. Bb2 Be7 11. Rc1 O-O 12. dxc5 Nxc5 13. Qxd8 Rfxd8 14.
Rfd1 1/2-1/2

[Event "IHEM"]
[Site "Hamburg GER"]
[Date "2003.06.14"]
[Round "8"]
[White "Maahs,E"]
[Black "Kroencke,M"]
[Result "0-1"]
[WhiteElo "2180"]
[BlackElo "2195"]
[EventDate "2003.06.07"]

1. e4 c5 2. Nf3 e6 3. d4 cxd4 4. Nxd4 Nc6 5. Nxc6 dxc6 6. Bd3 Nf6 7. O-O e5
8. Bg5 Be7 9. Nd2 O-O 10. Nc4 Nd7 11. Bd2 b5 12. Na5 Qc7 13. b4 Nf6 14. a4
a6 15. Nb3 Be6 16. Nc5 Bxc5 17. bxc5 Nd7 18. Qf3 Qd8 19. axb5 axb5 20. Rxa8
Qxa8 21. Qg3 Re8 22. Bc3 f6 23. Ra1 Qb7 24. Bb4 Ra8 25. Rb1 Ra4 26. c3 Qa7
27. Qe3 Ra1 28. h3 Rxb1+ 29. Bxb1 Qa1 30. Qd3 h6 31. Kh2 Qb2 32. Bc2 Nf8
33. Qd1 Bc4 34. Kg1 Ne6 35. g3 Ng5 36. Kg2 f5 37. Qb1 Qxb1 38. Bxb1 Nxe4
39. f3 Nd2 40. Bxf5 Bd5 41. Bg4 g6 42. Kf2 h5 43. Bd7 Nxf3 44. h4 Nd2 45.
g4 Ne4+ 46. Ke2 Nf6 47. Bc8 hxg4 48. Ba5 g3 49. Bh3 Nh5 50. Bg4 Nf4+ 51.
Kf1 g2+ 52. Kg1 Nd3 53. Bc7 Kf7 54. Bh3 Ne1 55. Kf2 Ke7 56. Bg4 Bf3 57. Bh3
Nd3+ 58. Kg1 Nf4 0-1

[Event "IHEM"]
[Site "Hamburg GER"]
[Date "2003.06.15"]
[Round "9"]
[White "Haba,P"]
[Black "Sprenger,J"]
[Result "1-0"]
[WhiteElo "2514"]
[BlackElo "2431"]
[EventDate "2003.06.07"]

1. e4 c5 2. Nf3 Nc6 3. d4 cxd4 4. Nxd4 Nf6 5. Nc3 e5 6. Ndb5 d6 7. Bg5 a6
8. Na3 b5 9. Nd5 Be7 10. Bxf6 Bxf6 11. c3 O-O 12. Nc2 Rb8 13. a3 Bg5 14. h4
Bh6 15. Bd3 Be6 16. Ncb4 Nxb4 17. Nxb4 Rb6 18. Bc2 Qa8 19. g4 Bf4 20. Nd5
Bxd5 21. Qxd5 Qc8 22. Qd1 a5 23. Bb3 b4 24. cxb4 axb4 25. a4 Rc6 26. a5 h5
27. g5 g6 28. Qd3 d5 29. Bxd5 Rc1+ 30. Rxc1 Qxc1+ 31. Qd1 Qxb2 32. Rh3 Rc8
33. Bxf7+ Kg7 34. Bc4 Rxc4 35. Qd7+ Kf8 36. Qd6+ Kf7 37. Qf6+ Ke8 38. Qxg6+
Ke7 39. Qf6+ Ke8 40. Qe6+ Kd8 41. Qxc4 Qd2+ 42. Kf1 Qd1+ 43. Kg2 Qg4+ 44.
Rg3 Bxg3 45. fxg3 b3 46. a6 Qd1 47. a7 Qd2+ 48. Kf3 Qd1+ 49. Qe2 Qh1+ 50.
Kf2 Qh2+ 51. Ke3 Qxg3+ 52. Kd2 Qf4+ 53. Kd1 1-0

[Event "IHEM"]
[Site "Hamburg GER"]
[Date "2003.06.15"]
[Round "9"]
[White "Lanka,Z"]
[Black "Baramidze,D"]
[Result "1/2-1/2"]
[WhiteElo "2488"]
[BlackElo "2440"]
[EventDate "2003.06.07"]

1. e4 c5 2. Nf3 d6 3. d4 cxd4 4. Nxd4 Nf6 5. Nc3 a6 6. Be2 e6 7. f4 Qc7 8.
a4 Nc6 9. Be3 Be7 10. O-O Nxd4 11. Bxd4 e5 12. Be3 exf4 13. Rxf4 Be6 14. a5
1/2-1/2

[Event "IHEM"]
[Site "Hamburg GER"]
[Date "2003.06.15"]
[Round "9"]
[White "Pajeken,W"]
[Black "Vokac,M"]
[Result "0-1"]
[WhiteElo "2321"]
[BlackElo "2484"]
[EventDate "2003.06.07"]

1. Nf3 g6 2. g3 Bg7 3. Bg2 e5 4. d3 d6 5. O-O f5 6. c4 Nf6 7. Nc3 O-O 8.
Rb1 h6 9. b4 Nc6 10. Nd5 g5 11. Nd2 Ne7 12. Nxf6+ Bxf6 13. e3 c6 14. b5 Be6
15. bxc6 bxc6 16. Qa4 Qd7 17. Qa6 Rab8 18. Ba3 Kf7 19. Rxb8 Rxb8 20. Rb1
Rxb1+ 21. Nxb1 Qc7 22. Nd2 Bc8 23. Qa4 Bd7 24. Qb3 c5 25. Nb1 Qa5 26. Qd1
Ba4 27. Qc1 Bd7 28. Nc3 e4 29. Bb2 exd3 30. Bf1 Qb4 31. Bxd3 Be6 32. h4
Bxc4 33. hxg5 hxg5 34. Ne4 fxe4 35. Bxc4+ d5 36. Bxf6 Kxf6 37. Qa1+ d4 38.
Bb3 Nf5 39. exd4 Qxd4 40. Qf1 e3 41. Qa6+ Nd6 42. fxe3 Qxe3+ 43. Kg2 Qd2+
44. Kh3 Qd4 45. Qc6 g4+ 46. Kh4 Ke5 47. Qc7 Ke4 48. Kxg4 Kd3+ 49. Kh3 c4
50. Ba4 c3 51. Qh7+ Ne4 52. Bb5+ Kd2 53. Qh6+ Qe3 54. Qxe3+ Kxe3 55. Ba4
Kd2 56. g4 Nc5 57. g5 Nxa4 0-1

[Event "IHEM"]
[Site "Hamburg GER"]
[Date "2003.06.15"]
[Round "9"]
[White "Jacoby,G"]
[Black "Fraas,H"]
[Result "1-0"]
[WhiteElo "2258"]
[BlackElo "2188"]
[EventDate "2003.06.07"]

1. c4 f5 2. Nc3 Nf6 3. g3 d6 4. Bg2 e5 5. d4 c6 6. Nf3 e4 7. Ng5 h6 8. Nh3
g5 9. d5 Bg7 10. f3 Qb6 11. Nf2 e3 12. Nd3 Qd4 13. f4 a5 14. O-O Qxc4 15.
Bxe3 cxd5 16. Rc1 Nc6 17. Na4 Ng4 18. Bf2 Nxf2 19. Nxf2 Qd4 20. Bxd5 Nb4
21. Nc3 Qxd1 22. Rfxd1 Bxc3 23. Rxc3 gxf4 24. gxf4 Nxd5 25. Rxd5 Rg8+ 26.
Rg3 Rxg3+ 27. hxg3 Ke7 28. e4 Be6 29. Rb5 fxe4 30. Nxe4 Bxa2 31. Rxb7+ Ke6
32. Rb6 Rd8 33. Kf2 Bc4 34. Ke3 Kd5 35. b3 Bf1 36. Nc3+ Kc5 37. Na4+ Kd5
38. Kf2 Bh3 39. Rb5+ Kd4 40. Rxa5 Bg4 41. Ra6 h5 42. Rc6 d5 43. Rc2 Kd3 44.
Rb2 Rd6 45. b4 Ra6 46. Nc5+ Kc3 47. Nxa6 Kxb2 48. b5 d4 49. Nc5 Kc2 50. b6
Bc8 51. f5 Bb7 52. Nxb7 d3 1-0

[Event "IHEM"]
[Site "Hamburg GER"]
[Date "2003.06.15"]
[Round "9"]
[White "Laqua,C"]
[Black "Putzbach,G"]
[Result "1/2-1/2"]
[WhiteElo "2206"]
[BlackElo "2253"]
[EventDate "2003.06.07"]

1. c4 e5 2. g3 d6 3. Bg2 f5 4. d4 Nd7 5. Nc3 Ngf6 6. e4 g6 7. exf5 gxf5 8.
Nf3 Qe7 9. O-O Bg7 10. Nh4 Nb6 11. dxe5 dxe5 12. Qc2 e4 13. Bh3 Qc5 14. Be3
Qxc4 15. Nxf5 O-O 16. Bxb6 Bxf5 17. Bxf5 axb6 18. Rac1 e3 19. fxe3 c6 20.
Ne4 Qxc2 21. Nxf6+ Rxf6 22. Bxc2 Rxf1+ 23. Kxf1 Re8 24. Rd1 Bxb2 25. Rb1
Ba3 26. Rxb6 Re7 27. e4 Bc5 28. Rb2 Kg7 29. Bd3 Kf6 30. Ke2 Ke5 31. Rb1 b5
32. Rf1 Ra7 33. Bb1 Bd4 34. Rf5+ Ke6 35. Rh5 c5 36. e5 Bxe5 37. Rxh7 Ra4
38. Ke3 Rb4 39. Bg6 Bd4+ 40. Ke4 Kf6 41. Be8 Rb2 42. Kd5 Bg1 43. Rf7+ Kg5
44. h4+ Kg4 45. Rg7+ Kf3 46. h5 Bd4 47. Rg8 b4 48. h6 Rh2 49. Rg6 Rxa2 50.
g4 Kf4 51. g5 Rg2 52. h7 Rxg5+ 53. Rxg5 Kxg5 54. Ba4 Kf4 55. h8=Q Bxh8 56.
Kxc5 Bc3 1/2-1/2

[Event "IHEM"]
[Site "Hamburg GER"]
[Date "2003.06.15"]
[Round "9"]
[White "Cording,H"]
[Black "Hochgraefe,M"]
[Result "1-0"]
[WhiteElo "2265"]
[BlackElo "2331"]
[EventDate "2003.06.07"]

1. e4 e6 2. d4 d5 3. Nd2 Nf6 4. e5 Nfd7 5. f4 c5 6. c3 Nc6 7. Ndf3 cxd4 8.
cxd4 f5 9. Bd3 Nb6 10. Ne2 Bd7 11. O-O Be7 12. Rf2 a5 13. h3 Nb4 14. Bb1 a4
15. g4 g6 16. gxf5 exf5 17. Nc3 O-O 18. Re2 Na6 19. Bd3 Nc7 20. Kh2 Ne6 21.
Qe1 Rf7 22. Rb1 Bc6 23. Rg2 Rg7 24. a3 Qd7 25. Be3 Rd8 26. Rd1 Kh8 27. Qe2
Na8 28. h4 h5 29. Rdg1 Qe8 30. Nb5 Qf7 31. Nd6 Rxd6 32. exd6 Bxd6 33. Ne5
Bxe5 34. fxe5 Nac7 35. Rxg6 Rxg6 36. Qxh5+ Qh7 37. Qxh7+ Kxh7 38. Bxf5 Be8
39. h5 Nf8 40. hxg6+ Bxg6 41. Bxg6+ Nxg6 42. Rf1 Kg7 43. Rf6 1-0

[Event "IHEM"]
[Site "Hamburg GER"]
[Date "2003.06.15"]
[Round "9"]
[White "Reddmann,H"]
[Black "Gollasch,T"]
[Result "1/2-1/2"]
[WhiteElo "2358"]
[BlackElo "2117"]
[EventDate "2003.06.07"]

1. c4 g6 2. d4 Nf6 3. Nf3 Bg7 4. g3 c6 5. Bg2 d5 6. Nc3 dxc4 7. e4 O-O 8.
O-O b5 9. Re1 Bg4 10. h3 Bxf3 11. Bxf3 Na6 12. Be3 e6 13. Qe2 Nb4 14. Rad1
Qe7 15. Bg5 e5 16. dxe5 Qxe5 17. Bf4 Qe6 18. Bd6 Nd3 19. Bxf8 Bxf8 20. Bg2
Bc5 21. Rxd3 cxd3 22. Qxd3 Nd7 23. Rd1 Ne5 24. Qe2 Rc8 25. Kh2 Bb6 26. f4
Nc4 27. Bf3 Rd8 28. Rxd8+ Bxd8 29. b3 Ba5 30. Qc2 Qf6 1/2-1/2

[Event "IHEM"]
[Site "Hamburg GER"]
[Date "2003.06.15"]
[Round "9"]
[White "Mandelbaum,P"]
[Black "Sawadkuhi,M"]
[Result "0-1"]
[WhiteElo "2191"]
[BlackElo "2250"]
[EventDate "2003.06.07"]

1. e4 e6 2. d4 d5 3. Nc3 Bb4 4. e5 Qd7 5. a3 Bf8 6. f4 Ne7 7. Nf3 Nbc6 8.
Be3 Nf5 9. Bf2 h5 10. Bd3 Be7 11. O-O b6 12. Ne2 Bb7 13. b3 O-O-O 14. c4
dxc4 15. bxc4 Nfxd4 16. Nexd4 Nxd4 17. Nxd4 c5 18. Nxe6 fxe6 19. Bc2 Qc6
20. Qf3 Qxf3 21. gxf3 Ba6 22. Be3 Bxc4 23. Rfd1 Be2 24. Rxd8+ Rxd8 25. Bb3
c4 26. Rc1 b5 27. a4 Ba3 28. Rc3 Rd3 29. Rxd3 Bxd3 30. Ba2 b4 0-1

[Event "IHEM"]
[Site "Hamburg GER"]
[Date "2003.06.15"]
[Round "9"]
[White "Engelbert,C"]
[Black "Maahs,E"]
[Result "0-1"]
[WhiteElo "2235"]
[BlackElo "2180"]
[EventDate "2003.06.07"]

1. e4 d5 2. exd5 Nf6 3. Bb5+ Nbd7 4. c4 a6 5. Ba4 b5 6. cxb5 Nxd5 7. Nc3
Bb7 8. Nf3 e6 9. O-O Bd6 10. d4 O-O 11. Re1 Nxc3 12. bxc3 Nb6 13. Bc2 g6
14. Bh6 Re8 15. Ng5 axb5 16. Qg4 f5 17. Qe2 Bd5 18. Bd3 c6 19. Nf3 Ra3 20.
Rec1 Qc7 21. h3 Nc4 22. Nd2 Nxd2 23. Qxd2 Qa5 24. Bf1 Rxa2 25. Rxa2 Qxa2
26. Qxa2 Bxa2 27. Ra1 Bd5 28. Ra7 Bf8 29. Bxf8 Rxf8 30. f3 f4 31. Kf2 e5
32. Rd7 exd4 33. cxd4 Rb8 34. h4 b4 35. h5 b3 36. Bd3 Bf7 37. h6 b2 38. Bb1
Be6 39. Re7 Bf5 40. Re1 Bxb1 41. Rxb1 Kf7 42. Ke2 Ke6 43. Kd2 Kd5 44. Kc3
g5 45. Kd3 Rb3+ 46. Kc2 Kc4 47. Kd2 Kxd4 0-1